| 000 | 01579nam a2200385 i 4500 | ||
|---|---|---|---|
| 003 | CO-MdUADB | ||
| 005 | 20250312084507.0 | ||
| 007 | ta | ||
| 008 | 230328s1988 ck |||gr|||| 001 0 spa d | ||
| 020 | _a9589009271 | ||
| 040 |
_aCO-MdUADB _bspa _cCO-MdUADB _erda |
||
| 041 | 0 | _aspa | |
| 082 | 0 | 4 | _a306.098 |
| 100 | 1 |
_aGuadarrama González, Pablo Manuel, _d1949- _eaut _9350317 |
|
| 245 | 1 | 0 |
_aLo universal y lo específico en la cultura / _cPablo Guadarrama González [y] Nikolai Pereliguin |
| 264 | 1 |
_aSanta Clara, Cuba ; _aBogotá : _bUniversidad Central "Marta Abreu" de Las Villas ; _bUniversidad INNCA de Colombia, _c1988 |
|
| 300 |
_axxiv, 169 páginas ; _c23 cm. |
||
| 336 |
_2rdacontent _atexto _btxt |
||
| 337 |
_2rdamedia _ano mediado _bn |
||
| 338 |
_2rdacarrier _avolumen _bnc |
||
| 377 |
_aspa _lEspañol |
||
| 380 | 7 |
_2lemb _aLibros de texto |
|
| 490 | 0 | _a(Filosofía, Ciencia, Política) | |
| 500 | _aBIBLIOTECA CARLOS GAVIRIA DÍAZ : DEDICATORIA : Libro impreso con dedicatoria a Carlos Gaviria Díaz. | ||
| 504 | _aBibliografía : páginas 155-159. | ||
| 505 | 2 | 0 |
_tCapítulo I. "Problemas teóricos de la cultura" -- _tCapítulo II. "La autenticidad cultural de América Latina". |
| 521 | _aPúblico destinatario : Público general. | ||
| 650 | 0 |
_aCultura - América Latina _942564 |
|
| 650 | 4 |
_aFilosofía y cultura _923033 |
|
| 650 | 4 |
_aMovimiento crítico _977645 |
|
| 651 | 4 |
_aAmérica Latina _xAspectos culturales |
|
| 700 | 1 |
_aPereliguin, Nicolai, _eaut _9483881 |
|
| 700 | 1 |
_aQuijano Caballero, Jaime, _d1917-1991 _eedt |
|
| 942 |
_2ddc _cBOOK |
||
| 999 |
_c831767 _d831767 |
||